Les étapes de la langue francaise

Gorde:
Xehetasun bibliografikoak
Egile nagusia: Dauzat, Albert
Formatua: Liburua
Hizkuntza:Undetermined
Argitaratua: París, Francia Presses Universitaires de France 1956
Edizioa:4
Gaiak:
Etiketak: Etiketa erantsi
Etiketarik gabe, Izan zaitez lehena erregistro honi etiketa jartzen!

MARC

LEADER 00000nam a2200000Ia 4500
008 170316s9999 xx 000 0 und d
090 |a 410 D-1e 
100 |a Dauzat, Albert 
245 |a Les étapes de la langue francaise 
250 |a 4 
260 |a París, Francia 
260 |b Presses Universitaires de France 
260 |c 1956 
300 |a 134 páginas 
650 |a LINGÜÍSTICA 
999 |c 18340  |d 18340 
040 |a cru BVZT 
942 |c 15 D  |h 410 D-1e  |2 z